|
|
|
|
| LEADER |
00858nab a2200193 i 4500 |
| 001 |
misc43367 |
| 005 |
20191106141313.0 |
| 008 |
180824s1992 hu o 0|| zxx d |
| 022 |
|
|
|a 1215-5233
|
| 040 |
|
|
|a SZTE Miscellanea Repozitórium
|b hun
|
| 041 |
|
|
|a zxx
|
| 100 |
1 |
|
|a Karlovitz János
|
| 245 |
1 |
0 |
|a Katedrális-életmű
|h [elektronikus dokumentum] :
|b egy bibliográfia ürügyén /
|c Karlovitz János
|
| 260 |
|
|
|c 1992
|
| 300 |
|
|
|a 72-73
|
| 490 |
0 |
|
|a Iskolakultúra
|v 2 No. 16
|
| 695 |
|
|
|a Neveléstörténeti kutatások - Magyarország - 1960-1992 - bibliográfia - könyvismertetés, Neveléstörténet - magyar - bibliográfia - könyvismertetés, Szakirodalmi források - neveléstörténet - magyar - könyvismertetés
|
| 700 |
0 |
1 |
|a Mészáros István
|
| 856 |
4 |
0 |
|u http://misc.bibl.u-szeged.hu/43367/1/iskolakultura_1992_016_072-073.pdf
|z Dokumentum-elérés
|